Brethren In Faith (Record no. 16410)

000 -LEADER
fixed length control field 00457nam a22001457a 4500
003 - CONTROL NUMBER IDENTIFIER
control field OSt
040 ## - CATALOGING SOURCE
Original cataloging agency 0
082 ## - DEWEY DECIMAL CLASSIFICATION NUMBER
Classification number 320.954035
Author Mark MAL 2015
100 ## - MAIN ENTRY--PERSONAL NAME
Personal name Malik, Nadeem Shafiq
245 ## - TITLE STATEMENT
Title Brethren In Faith
Remainder of title The All India Muslim League and the Palistine Issue (1917-1947)
Statement of responsibility, etc. Dr. Nadeem Shafiq Malik
260 ## - PUBLICATION, DISTRIBUTION, ETC.
Place of publication, distribution, etc. Lahore
Name of publisher, distributor, etc. Fiction House
Date of publication, distribution, etc. 2015
300 ## - PHYSICAL DESCRIPTION
Extent 608 p.
Other physical details HB
Dimensions 24 cm
650 ## - SUBJECT ADDED ENTRY--TOPICAL TERM
Topical term or geographic name entry element The All India Muslim League and the Palistine Issue
942 ## - ADDED ENTRY ELEMENTS (KOHA)
Source of classification or shelving scheme
Koha item type Book
Holdings
Withdrawn status Lost status Damaged status Not for loan Collection code Permanent Location Current Location Shelving location Date acquired Total Checkouts Full call number Barcode Date last seen Price effective from Koha item type
          Central Library (CL) Central Library (CL) General Stacks 05/17/2016   320.954035 MAL 2015 CIPS0002829 05/17/2016 05/17/2016 Book
          Centre for International Peace & Stability (CIPS) Centre for International Peace & Stability (CIPS) General Stacks 05/17/2016   320.954035 MAL 2015 CIPS0002828 05/17/2016 05/17/2016 Book
© 2023 Central Library, National University of Sciences and Technology. All Rights Reserved.